| 000 | 00669nam a2200229 a 4500 | ||
|---|---|---|---|
| 001 | BRCA_6944 | ||
| 005 | 20190320205643.0 | ||
| 008 | 171111s1949----u--a######---#000-0#eng-# | ||
| 041 | _aeng | ||
| 044 | _au | ||
| 050 | 4 |
_aE806 _b.R428 1949 |
|
| 100 | 1 |
_aRoosevelt, Eleonor _917302 |
|
| 245 | 1 | 0 |
_aThis I remember _cby Eleonor Roosevelt |
| 260 |
_aNueva York _bHarper & Brothers _cc1949 |
||
| 300 |
_ax, 387 p. _bil. _c24 cm. |
||
| 500 | _aO174 | ||
| 600 | 1 | 4 |
_aRosevelt, Eleonor _d1884-1962 _917303 |
| 650 | 1 | 4 |
_aCónyuges de los Presidentes _xBiografía _zEstados Unidos _917304 |
| 650 | 1 | 4 |
_aRoosevelt, Franklin D. _y1882-1945 _917305 |
| 902 | _aGFM | ||
| 942 |
_2lcc _cB |
||
| 999 |
_c6626 _d6626 |
||